English players with 20+ goal Premier League seasons Quiz Stats

 Plays Quiz not verified by Sporcle

Support Sporcle.
Go Orange.
Score 0/21 Timer 10:00
1 Play Today
Player % Correct
Alan Shearer
94.4%
Harry Kane
92.4%
Wayne Rooney
88.4%
Andy Cole
87.8%
Frank Lampard
86.9%
Robbie Fowler
80.2%
Teddy Sheringham
78.4%
Jamie Vardy
76.8%
Ian Wright
69.9%
Danny Ings
68.7%
Kevin Phillips
63.8%
Player % Correct
Les Ferdinand
63%
Raheem Sterling
61.7%
Chris Sutton
58.7%
Darren Bent
52.7%
Matt Le Tissier
50.9%
Daniel Sturridge
47.5%
Andy Johnson
41.8%
James Beattie
38.7%
Stan Collymore
30.8%
Peter Beardsley
24.4%

You're not logged in!

Compare scores with friends on all Sporcle quizzes.
OR
Log In

From the Vault

Original Sesame Street

by ReticentRabbit

Has anyone ever really taken a look at Big Bird and realized how terrifying he is?
Remove Ads.
Support Sporcle.
Get the best of Sporcle when you Go Orange. This ad-free experience offers more features, more stats, and more fun while also helping to support Sporcle. Thank you for becoming a member.

Show Comments

Extras

Top Quizzes Today


Score Distribution

Your Account Isn't Verified!

In order to create a playlist on Sporcle, you need to verify the email address you used during registration. Go to your Sporcle Settings to finish the process.

Report this User

Report this user for behavior that violates our Community Guidelines.

Details: